000 01323nam0a22002651 4500
001 rc\257146
005 20250621023817.0
035 _a(NLR Aleph) 005528702
090 _a5586090
_c5586090
100 _a20030307d1990 |||y0rusy50 ca
101 0 _arus
102 _aRU
105 _aa |||||||||
200 1 _aНАПРАВЛЕНИЕ совершенствования конструкции колонных диффузионных установок в свеклосахарном производстве
_fА.А. Серегин, Н.Н. Пушанко, С.В. Рогальский и др.
210 _aКиев
_cУкрНИИНТИ
_d1990
215 _a29 с., включ. обл.
_cил.
_d20
225 1 _aНовое в науке, технике и производстве
_iСерия "Промышленная переработка и хранение пищевых продуктов"
_eОбзор. информ.
_fУкр. НИИ НТИ и техн.-экон. исслед.
_vВып. 2
300 _aВ надзаг. также: Гос. план. ком. УССР
320 _aБиблиогр.: с. 27-28
701 1 _aСерегин
_bА.А.
_gАлександр Александрович
801 0 _aRU
_bNLR
_gpsbo
801 1 _aRU
_bELAR
_2rusmarc
852 _aNLR
_jП10/6834
942 _cBOOK
980 _aNB